000 011960000a22002650004500
003 EG-GICUC
005 20250223030107.0
008 091015s1976 ua f m 000 0 ara d
040 _aEG-GiCUC
_bara
_cEG-GiCUC
041 0 _aara
049 _aاهداء
097 _aدكتوراه
099 _aCai01.06.07.Ph.D.1976.حس.ا
100 0 _aحسين البدرى النادى
245 1 2 _aالاسفرايينى :
_bمع تحقيق كتاب الضوء شرح المصباح /
_cحسين البدرى النادى ؛ اشراف عبدالعظيم على الشناوى
260 _aالقاهرة :
_bحسين البدرى النادى :
_c1976
300 _a2مج(531ورقة) ؛
_c30سم
500 _aكلية اللغة العربية جامعة الازهر تعادل كلية دار العلوم جامعة القاهرة
502 _aاطروحة(دكتوراه) - جامعة الازهر - كلية اللغة العربية - قسم النحو و الصرف و العروض
700 0 _aعبدالعظيم على الشناوى :
_eمشرف
856 _uhttp://172.23.153.220/th.pdf
905 _aFatma
_eCataloger
905 _aNazla
_eRevisor
942 _2ddc
_cTH
999 _c27376
_d27376